000 00692nam a2200205Ii 4500
003 JO-AjNU
008 230605s9999||||xx |||||||||||||| ||und||
017 _a2006/8/2234
040 _aJO-AjNU
_bara
_erda
_cJO-AjNU
041 _aara
050 1 4 _aK120.2006
100 3 _a مدغمش ، جمال عبد الغني ,
_eauthor
_914472
245 0 0 _aالطلبات والدفوع أمام القضاء والحكم بصحتها أو خطئها " قول وحكم "
250 _a(د،ط)
264 3 1 _aعمان : جمال عبد الغني مدغمش ، 2006
300 _a80ص
336 _atext
_btxt
_2rdacontent
337 _aunmediated
_bn
_2rdamedia
338 _avolume
_bnc
_2rdacarrier
999 _aA3867
_c7435
_d7435